000
00272nam a22001217a 4500
008
170512b xxu||||| |||| 00| 0 eng d
041
_a
eng
080
_2
2ND
_a
94
100
_a
16
101
_a
SHH
245
_a
LEGACY: THE MYERS PARK STORY
_c
KRATT, M.N
942
_2
udc
_c
BK
999
_c
13287
_d
13287